Pasma górskie Polski z mapą - Statystyki

Ogólne statystyki
  • Ten quiz został rozwiązany 17 841 razy
    17 453 od ostatniego zresetowania
  • Średni wynik to 9 z 28
Odpowiedzi na mapie
Odpowiedzi zakodowano w zielono-czerwonej skali na mapie do tego quizu, zgodnie z poniższymi procentami.
 
Statystyki odpowiedzi
L.p. Pasmo górskie Wysokość najwyższego szczytu m n.p.m. % Poprawnych
1. Tatry 2499
95%
5. Bieszczady 1346
75%
28. Góry Świętokrzyskie 614
75%
3. Karkonosze 1603
61%
20. Góry Stołowe 919
58%
12. Pieniny 1050
46%
2. Beskid Żywiecki 1725
42%
8. Beskid Śląski 1257
39%
13. Góry Sowie 1015
38%
14. Beskid Niski 997
36%
7. Beskid Sądecki 1266
30%
6. Gorce 1310
29%
10. Góry Izerskie 1126
28%
9. Beskid Wyspowy 1171
24%
19. Beskid Mały 933
19%
15. Góry Złote 989
18%
4. Masyw Śnieżnika 1423
18%
22. Beskid Makowski 904
14%
26. Góry Kaczawskie 724
14%
27. Masyw Ślęży 718
14%
23. Góry Opawskie 889
13%
24. Góry Wałbrzyskie 850
13%
25. Góry Bardzkie 765
10%
16. Góry Bystrzyckie 977
10%
11. Góry Orlickie 1084
10%
18. Góry Kamienne 936
9%
17. Rudawy Janowickie 945
9%
21. Góry Sanocko-Turczańskie 909
6%
Nie znaleziono quizów pasujących do podanych kryteriów
Rozkład punktacji
Procent ludzi z każdym wynikiem
Percentyl według liczby udzielonych odpowiedzi
Twoja historia wyników
Nie rozwiązałeś tego quizu od ostatniego zresetowania